| 000 | 00473nam a22001817a 4500 | ||
|---|---|---|---|
| 003 | OSt | ||
| 005 | 20160516161954.0 | ||
| 008 | 160516b xxu||||| |||| 00| 0 eng d | ||
| 020 | _a0521424755 | ||
| 040 | _cDDC. | ||
| 082 | _a581.2HOL 1988. | ||
| 100 |
_aHolliday,Paul; _98092 |
||
| 245 | _aA Dictionary of Plant Pathology: | ||
| 260 |
_aNew York. _bCambridge University Press. _c1988 |
||
| 300 |
_axv,369p; _bill; _c24cm. |
||
| 650 |
_aBiology. _95602 |
||
| 942 |
_2ddc _cSLOAN |
||
| 999 |
_c4055 _d4055 |
||